00567nam a22001697a 450000500170000001000150001702000260003203500130005803700130007108200160008424501060010026000350020627000630024130000210030450000500032570000220037520150827155359.0 aENG-113368 a9789383098132c495.00 aEN-96900 bDBAD/PUB a352.3790954 aSecurity governance, and democratic rights :cedited by K..S. Subramanianbessays on the North-East / aNew Delhi bNiyogi Booksc2014 aD-78, Okhla Industrial Area, Phase-I, bNew Delhi e110020 a242p.c23cm(pbk) aIncludes bibliographical references and index aSubramanian, K.S.